中国地级行政区GDP后50名 Last 50 Chinese prefectures by GDP (2022) - Statistics

General Stats
  • This quiz has been taken 168 times
  • The average score is 33 of 50
Answer Stats
地级行政区 GDP/亿元 % Correct
林芝 208
93%
阿里 81
92%
海北 101
92%
那曲 193
92%
果洛 54
91%
海南 200
90%
日喀则 362
90%
玉树 73
89%
昌都 298
88%
山南 243
86%
海东 563
83%
甘孜 472
80%
黄南 111
79%
阿坝 463
79%
嘉峪关 363
77%
甘南 245
76%
阿拉善 407
75%
陇南 562
71%
七台河 269
70%
大兴安岭 168
69%
鹤岗 409
69%
双鸭山 557
69%
武威 663
69%
迪庆 303
67%
金昌 523
67%
张掖 582
67%
黑河 660
67%
怒江 250
66%
阿勒泰 400
66%
白山 542
66%
鸡西 665
65%
克孜勒苏 217
64%
白城 575
64%
和田 491
63%
白银 636
57%
博尔塔拉 482
56%
伊春 343
54%
德宏 587
54%
平凉 642
54%
吐鲁番 527
53%
定西 558
53%
固原 410
52%
中卫 564
49%
辽源 501
47%
通化 591
47%
铜川 506
45%
四平 582
42%
丽江 620
35%
阜新 578
33%
张家界 592
17%
No matching quizzes found
Score Distribution
Percent of People with Each Score
Percentile by Number Answered
Your Score History
You have not taken this quiz